000 00354nam a2200157Ia 4500
008 230711s9999||||xx |||||||||||||| ||und||
041 _aENG
082 _a720
_bGU-R
100 _aGuptill,AL
245 0 _aRendering in pencil
250 _a1st Ed.
260 _c1977
_aNew York
_bWatson-Guptill
300 _a271
650 _aArchitecture
942 _cBK
999 _c2883
_d2883